| 000 -LEADER |
| fixed length control field |
00888nam a2200253Ia 4500 |
| 001 - CONTROL NUMBER |
| control field |
22528 |
| 003 - CONTROL NUMBER IDENTIFIER |
| control field |
GE_BSU |
| 005 - DATE AND TIME OF LATEST TRANSACTION |
| control field |
20230324101602.0 |
| 008 - FIXED-LENGTH DATA ELEMENTS--GENERAL INFORMATION |
| fixed length control field |
181216s2016||||fr |||||||||||||| ||fre|| |
| 020 ## - INTERNATIONAL STANDARD BOOK NUMBER |
| International Standard Book Number |
9782090380576 |
| 040 ## - CATALOGING SOURCE |
| Transcribing agency |
GE_BSU |
| 041 ## - LANGUAGE CODE |
| Language code of text/sound track or separate title |
Fre |
| 080 ## - UNIVERSAL DECIMAL CLASSIFICATION NUMBER |
| Universal Decimal Classification number |
811.133.1 G-72 |
| 100 ## - MAIN ENTRY--PERSONAL NAME |
| Personal name |
Grand-Clement, Odile |
| 9 (RLIN) |
17241 |
| 245 ## - TITLE STATEMENT |
| Title |
Grammaire en Dialogues A1 ( + CD)- Niveau grand debutant / |
| Statement of responsibility, etc. |
Odile Grand-Clement ; Edition : Christine Ligonie,Virginie Poitrasson ; illustrations Jan-Pierre Foissy. |
| 264 ## - PRODUCTION, PUBLICATION, DISTRIBUTION, MANUFACTURE, AND COPYRIGHT NOTICE |
| Place of production, publication, distribution, manufacture |
Paris ; |
| Name of producer, publisher, distributor, manufacturer |
CLE INTERNATIONAL, |
| Date of production, publication, distribution, manufacture, or copyright notice |
2016. |
| 300 ## - PHYSICAL DESCRIPTION |
| Extent |
143 p. : |
| Other physical details |
ill. +1CD ; |
| Dimensions |
29 cm. |
| 653 ## - INDEX TERM--UNCONTROLLED |
| keyword |
Grammaire en Dialogues. A1 ( + CD)- Niveau grand debutant |
| 700 ## - ADDED ENTRY--PERSONAL NAME |
| Personal name |
Ligonie, Christine |
| Relator term |
Edition |
| 9 (RLIN) |
17242 |
| 700 ## - ADDED ENTRY--PERSONAL NAME |
| Personal name |
Poitrasson, Virginie |
| Relator term |
Edition |
| 9 (RLIN) |
12727 |
| 700 ## - ADDED ENTRY--PERSONAL NAME |
| Personal name |
Foissy, Jean-Pierre |
| Relator term |
illustrations |
| 9 (RLIN) |
17243 |
| 942 ## - ADDED ENTRY ELEMENTS (KOHA) |
| Koha item type |
წიგნი |
| Source of classification or shelving scheme |
|